000 00776cam a22002531 4500
001 8937459
003 OSt
005 20140310182105.0
008 740626s1966 nyu b 000 0 eng
010 _a 66003316
035 _a(OCoLC)930208
040 _aDLC
_cABM
_dOCoLC
_dDLC
042 _apremarc
050 0 0 _aPS 373
_b.St933 1966
082 _aHS 813
_bL33 1966
100 1 _aLass, Abraham H.
_q(Abraham Harold),
_d1907-2001.
_913005
245 1 2 _aA student's guide to 50 American novels /
_cedited by Abraham H. Lass.
260 _aNew York
_bWashington Square Press
_cc1966.
300 _a364 p. :
_c18 cm.
650 0 _aAmerican fiction
_xHistory and criticism.
_913006
906 _a7
_bcbc
_coclcrpl
_du
_encip
_f19
_gy-gencatlg
942 _2lcc
_cHS
999 _c9263
_d9263